000 00436nam a2200193Ia 4500
005 20250603144713.0
008 250603s9999 xx 000 0 und d
020 _a9789350351208
050 _aKL 155 .W2/
100 _aWatt, Robert
245 0 _aConcise legal research
250 _a6th ed.
260 _aNew Delhi
260 _bUniversal Law Pub.
260 _c2012
300 _a323 p
650 _aNew Delhi
942 _cBK
999 _c39707
_d39707